Trendy v potravinárstve
| Médium: | Časopis |
|---|---|
| Jazyk: | slovenčina čeština |
| Fyzický popis: | zv. grafy, obr., tab. 30 cm |
| Vydavateľské údaje: |
Bratislava
NOI
1994-
Bratislava Národné poľnohospodárske a potravinárske centrum - Výskumný ústav potravinársky |
| ISSN: | 1336-085X |
| Predmet: | |
| On-line prístup: | https://www.vup.sk/index.php?mainID=3&navID=20 |
MARC
| LEADER | 00000cas a2200000 a 4500 | ||
|---|---|---|---|
| 001 | vtls008413288 | ||
| 003 | SK-MaSNL | ||
| 005 | 20260228160917.0 | ||
| 008 | 051202c19949999xo fr|p 0 b0slo | ||
| 022 | |a 1336-085X | ||
| 035 | |a (SVKBB03)vtls000047340 | ||
| 040 | |a SVKPO |b slo |c SVKPO |d SNK |d SVKBB |d SAVUK |e AACR2 | ||
| 041 | 0 | |a slo |a cze | |
| 044 | |a xo |c SK | ||
| 072 | 7 | |a 663 |x Priemysel nápojov. Kvasný priemysel. Priemysel pochutín |2 konspekt | |
| 080 | |a 663/664 |2 2011 | ||
| 080 | |a (055) |2 2011 | ||
| 080 | |a 050 |2 2011 | ||
| 210 | 0 | |a Trendy potravin. | |
| 222 | 0 | |a Trendy v potravinárstve | |
| 245 | 0 | 0 | |a Trendy v potravinárstve |
| 260 | |a Bratislava |b NOI |c 1994- | ||
| 260 | 2 | |3 2014- |a Bratislava |b Národné poľnohospodárske a potravinárske centrum - Výskumný ústav potravinársky | |
| 300 | |a zv. |b grafy, obr., tab. |c 30 cm | ||
| 310 | |a 2x ročne |b 2016- | ||
| 321 | |a 6x ročne |b 1994-2005 | ||
| 321 | |a 4x ročne |b 2006-2008 | ||
| 321 | |a 1x |b 2010-2015 | ||
| 362 | 0 | |a Roč. 1 (1994)- | |
| 500 | |a Podnázov v tir. : účelové periodikum Ministerstva pôdohospodárstva SR a Slovenského výboru pre potraviny | ||
| 500 | |a Reg. č.: MK SR 1517/96 | ||
| 500 | |a Evidenčné č.: EV 5999/21 | ||
| 504 | |a Bibliogr. | ||
| 515 | |a Niektoré čísla vychádzajú ako dvojčísla | ||
| 515 | |a Roky 2009 a 2011 nevydali, číslovanie ročníkov pokračuje kontinuálne | ||
| 525 | |a Časopis obsahuje po rok 2005 prílohu Infoservis v potravinárstve | ||
| 546 | |a Čiast. text aj čes. | ||
| 550 | |a Vydáva Výskumný ústav potravinársky, Bratislava v NOI, Bratislava | ||
| 650 | 0 | 7 | |a potravinárstvo |2 SNKPH |9 678 |
| 650 | 0 | 7 | |a Food industry and trade |2 SNKPHeng |9 267198 |
| 650 | 0 | 7 | |a Food industry |2 SNKPHeng |9 267576 |
| 650 | 0 | 7 | |a potravinársky priemysel |2 SNKPH |9 974 |
| 655 | 7 | |a spravodajské časopisy |2 SNKPH |9 70527 | |
| 655 | 7 | |a Newsletters |2 SNKPHeng |9 267577 | |
| 710 | 2 | |a Výskumný ústav potravinársky (Bratislava, Slovensko) |4 pbl |9 33956 | |
| 770 | 0 | |t Infoservis v potravinárstve | |
| 850 | |a Štátna vedecká knižnica v Prešove | ||
| 856 | 4 | 1 | |u https://www.vup.sk/index.php?mainID=3&navID=20 |
| 910 | |a savuk | ||
| 910 | |a snk | ||
| 916 | |a 1994-2008, 2010, 2012-2015, 2016-2018 | ||
| 999 | |c 3887 |d 5817 | ||
| 952 | |0 0 |1 0 |4 0 |7 0 |8 0 |a SNK |b SNK |d 2025-07-21 |i snk2025/11710 |l 0 |o snkČSB 5021/24/2019 |p 17A1557401 |r 2026-02-21 19:50:22 |t č. 1-2 |w 2026-02-21 |y PREZ | ||
| 952 | |0 0 |1 0 |4 0 |7 0 |8 0 |a SNK |b SNK |d 2025-07-21 |i snk2025/11711 |l 0 |o snkČSB 5021/24/2019 D1 |p 17A1557402 |r 2026-02-21 19:50:22 |t č. 1-2 |w 2026-02-21 |y PREZ | ||
| 952 | |0 0 |1 0 |4 0 |7 0 |8 0 |a SNK |b SNK |d 2025-07-21 |i snk2025/11712 |l 0 |o snkČSB 5021/25/2020 |p 17A1557403 |r 2026-02-21 19:50:23 |t č. 1-2 |w 2026-02-21 |y PREZ | ||
| 952 | |0 0 |1 0 |4 0 |7 0 |8 0 |a SNK |b SNK |d 2025-07-21 |i snk2025/11713 |l 0 |o snkČSB 5021/25/2020 D1 |p 17A1557404 |r 2026-02-21 19:50:23 |t č. 1-2 |w 2026-02-21 |y PREZ | ||
| 952 | |0 0 |1 0 |4 0 |7 0 |8 0 |a SNK |b SNK |d 2025-07-21 |i snk2025/11714 |l 0 |o snkČSB 5021/26/2021 |p 17A1557405 |r 2026-02-21 19:50:23 |t č. 1-2 |w 2026-02-21 |y PREZ | ||
| 952 | |0 0 |1 0 |4 0 |7 0 |8 0 |a SNK |b SNK |d 2025-07-21 |i snk2025/11715 |l 0 |o snkČSB 5021/27/2022 |p 17A1557406 |r 2026-02-21 19:50:23 |t č. 1-2 |w 2026-02-21 |y PREZ | ||
| 952 | |0 0 |1 0 |4 0 |7 0 |8 0 |a SNK |b SNK |d 2025-07-21 |i snk2025/11716 |l 0 |o snkČSB 5021/28/2023 |p 17A1557407 |r 2026-02-21 19:50:23 |t č. 1-2 |w 2026-02-21 |y PREZ | ||
| 952 | |0 0 |1 0 |4 0 |7 0 |8 0 |a SNK |b SNK |d 2025-07-21 |i snk2025/11717 |l 0 |o snkČSB 5021/29/2024 |p 17A1557408 |r 2026-02-21 19:50:23 |t č. 1-2 |w 2026-02-21 |y PREZ | ||
| 952 | |0 0 |1 0 |4 0 |7 0 |a SNK |b SNK |d 2015-04-07 |f 1 |i snkČSP 2107/2001 |l 0 |o snkČSB 5021/1/1994 |p 17A0919702 |r 2026-02-21 21:25:23 |t č. 1-2, neúpl. |w 2026-02-21 |y PREZ |z Chýba č. 1 | ||
| 952 | |0 0 |1 0 |4 0 |7 0 |a SNK |b SNK |d 2015-04-07 |f 1 |i snkČSP 800/2000 |l 0 |o snkČSB 5021/2/1995 |p 17A0919706 |r 2026-02-21 21:25:23 |t č. 1-6 |w 2026-02-21 |y PREZ | ||
| 952 | |0 0 |1 0 |4 0 |7 0 |a SNK |b SNK |d 2015-04-07 |f 1 |i snkČSP 802/2000 |l 0 |o snkČSB 5021/3/1996 |p 17A0919715 |r 2026-02-21 21:25:23 |t č. 1-6 |w 2026-02-21 |y PREZ | ||
| 952 | |0 0 |1 0 |4 0 |7 0 |a SNK |b SNK |d 2015-04-07 |f 1 |i snkČSP 804/2000 |l 0 |o snkČSB 5021/4/1997 |p 17A0919707 |r 2026-02-21 21:25:23 |t č. 1-6 |w 2026-02-21 |y PREZ | ||
| 952 | |0 0 |1 0 |4 0 |7 0 |a SNK |b SNK |d 2015-04-07 |f 1 |i snkČSP 806/2000 |l 0 |o snkČSB 5021/5/1998 |p 17A0919708 |r 2026-02-21 21:25:23 |t č. 1-6 |w 2026-02-21 |y PREZ | ||
| 952 | |0 0 |1 0 |4 0 |7 0 |8 0 |a SNK |b SNK |d 2013-11-11 |f 1 |i snk2013/27236 |l 0 |o snkČSB 5021/6/1999 |p 17A0858802 |r 2026-02-21 21:43:40 |t č. 1-6 + 6 príl. |w 2026-02-21 |y PREZ |z príl. Infoservis v potravinárstve č. 13-18 | ||
| 952 | |0 0 |1 0 |4 0 |7 0 |8 0 |a SNK |b SNK |d 2013-11-11 |i snk2013/27238 |l 0 |o snkČSB 5021/6/1999 D1 |p 17A0858803 |r 2026-02-21 21:43:40 |t č. 1-6 + 6 príl. |w 2026-02-21 |y PREZ |z príl. Infoservis v potravinárstve č. 13-18 | ||
| 952 | |0 0 |1 0 |4 0 |7 0 |8 0 |a SNK |b SNK |d 2013-11-11 |f 1 |i snk2013/27241 |l 0 |o snkČSB 5021/7/2000 |p 17A0858804 |r 2026-02-21 21:43:40 |t č. 1-6 + 6 príl. |w 2026-02-21 |y PREZ |z príl. Infoservis v potravinárstve č. 19-24 | ||
| 952 | |0 0 |1 0 |4 0 |7 0 |8 0 |a SNK |b SNK |d 2013-11-11 |i snk2013/27242 |l 0 |o snkČSB 5021/7/2000 D1 |p 17A0858805 |r 2026-02-21 21:43:40 |t č. 1-5 +; 5 príl, neúplné |w 2026-02-21 |y PREZ |z príl. Infoservis v potravinárstve č. 19-23 ; chýba č. 5 a príl. č. 24 | ||
| 952 | |0 0 |1 0 |4 0 |7 0 |8 0 |a SNK |b SNK |d 2013-11-11 |f 1 |i snk2013/27243 |l 0 |o snkČSB 5021/8/2001 |p 17A0858806 |r 2026-02-21 21:43:40 |t č. 1-6 + 10 príl. |w 2026-02-21 |y PREZ |z príl. Infoservis v potravinárstve č. 25-30 ; príl. Informácie projektu FLAIR-FLOW 4 | ||
| 952 | |0 0 |1 0 |4 0 |7 0 |8 0 |a SNK |b SNK |d 2013-11-11 |i snk2013/27248 |l 0 |o snkČSB 5021/8/2001 D1 |p 17A0858807 |r 2026-02-21 21:43:40 |t č. 1-5 + 8 príl., neúplné |w 2026-02-21 |y PREZ |z príl. Infoservis v potravinárstve č. 25-29 ; príl. Informácie projektu FLAIR-FLOW 4 ; chýba č. 6 + príl. č. 30 | ||
| 952 | |0 0 |1 0 |4 0 |7 0 |8 0 |a SNK |b SNK |d 2013-11-11 |f 1 |i snk2013/27255 |l 0 |o snkČSB 5021/9/2002 |p 17A0858808 |r 2026-02-21 21:43:40 |t č. 1-6 + 16 príl. |w 2026-02-21 |y PREZ |z príl. Infoservis v potravinárstve č. 31, 33-36 ; príl. Informácie projektu Flair-Flow 4 | ||
| 952 | |0 0 |1 0 |4 0 |7 0 |8 0 |a SNK |b SNK |d 2013-11-11 |i snk2013/27264 |l 0 |o snkČSB 5021/9/2002 D1 |p 17A0858809 |r 2026-02-21 21:43:40 |t č. 1,3 + 8 príl., neúplné |w 2026-02-21 |y PREZ |z príl. Infoservis v potravinárstve č. 31,33 ; príl. Informácie projektu Flair-Flow 4 ; chýba č. 2,4,5,6 | ||
| 952 | |0 0 |1 0 |4 0 |7 0 |8 0 |a SNK |b SNK |d 2013-11-11 |f 1 |i snk2013/27275 |l 0 |o snkČSB 5021/10/2003 |p 17A0858810 |r 2026-02-21 21:43:40 |t č. 1-6 + 24 príl. |w 2026-02-21 |y PREZ |z príl. Infoservis v potravinárstve č. 37-42; príl. Informácie projektu Flair-Flow 4 | ||
| 952 | |0 0 |1 0 |4 0 |7 0 |8 0 |a SNK |b SNK |d 2013-11-11 |i snk2013/27281 |l 0 |o snkČSB 5021/10/2003 D1 |p 17A0858811 |r 2026-02-21 21:43:40 |t č. 1-6 + 24 príl. |w 2026-02-21 |y PREZ |z príl. Infoservis v potravinárstve č. 37-42; príl. Informácie projektu Flair-Flow 4 | ||
| 952 | |0 0 |1 0 |4 0 |7 0 |8 0 |a SNK |b SNK |d 2013-11-11 |f 1 |i snk2013/27288 |l 0 |o snkČSB 5021/11/2004 |p 17A0858812 |r 2026-02-21 21:43:40 |t č. 1-6 + 6 príl. |w 2026-02-21 |y PREZ |z príl. Infoservis v potravinárstve č. 43-48 | ||
| 952 | |0 0 |1 0 |4 0 |7 0 |8 0 |a SNK |b SNK |d 2013-11-11 |i snk2013/27293 |l 0 |o snkČSB 5021/11/2004 D1 |p 17A0858813 |r 2026-02-21 21:43:41 |t č. 1-6 + 6 príl. |w 2026-02-21 |y PREZ |z príl. Infoservis v potravinárstve č. 43-48 | ||
| 952 | |0 0 |1 0 |4 0 |7 0 |8 0 |a SNK |b SNK |d 2013-11-11 |f 1 |i snk2013/27297 |l 0 |o snkČSB 5021/12/2005 |p 17A0858814 |r 2026-02-21 21:43:41 |t č. 1-6 + 6 príl. |w 2026-02-21 |y PREZ |z príl. Infoservis v potravinárstve č. 49-54 | ||
| 952 | |0 0 |1 0 |4 0 |7 0 |8 0 |a SNK |b SNK |d 2013-11-11 |i snk2013/27302 |l 0 |o snkČSB 5021/12/2005 D1 |p 17A0858815 |r 2026-02-21 21:43:41 |t č. 1-6 + 6 príl. |w 2026-02-21 |y PREZ |z príl. Infoservis v potravinárstve č. 49-54 | ||
| 952 | |0 0 |1 0 |4 0 |7 0 |8 0 |a SNK |b SNK |d 2013-11-11 |f 1 |i snk2013/27309 |l 0 |o snkČSB 5021/13/2006 |p 17A0858816 |r 2026-02-21 21:43:41 |t č. 1-4 |w 2026-02-21 |y PREZ | ||
| 952 | |0 0 |1 0 |4 0 |7 0 |8 0 |a SNK |b SNK |d 2013-11-11 |i snk2013/27312 |l 0 |o snkČSB 5021/13/2006 D1 |p 17A0858818 |r 2026-02-21 21:43:41 |t č. 1-4 |w 2026-02-21 |y PREZ | ||
| 952 | |0 0 |1 0 |4 0 |7 0 |8 0 |a SNK |b SNK |d 2013-11-11 |f 1 |i snk2013/27314 |l 0 |o snkČSB 5021/14/2007 |p 17A0858819 |r 2026-02-21 21:43:41 |t č. 1-4 |w 2026-02-21 |y PREZ | ||
| 952 | |0 0 |1 0 |4 0 |7 0 |8 0 |a SNK |b SNK |d 2013-11-11 |i snk2013/27316 |l 0 |o snkČSB 5021/14/2007 D1 |p 17A0858820 |r 2026-02-21 21:43:41 |t č. 1-4 |w 2026-02-21 |y PREZ | ||
| 952 | |0 0 |1 0 |4 0 |7 0 |8 0 |a SNK |b SNK |d 2013-11-11 |f 1 |i snk2013/27317 |l 0 |o snkČSB 5021/15/2008 |p 17A0858821 |r 2026-02-21 21:43:41 |t č. 1-4 |w 2026-02-21 |y PREZ | ||
| 952 | |0 0 |1 0 |4 0 |7 0 |8 0 |a SNK |b SNK |d 2013-11-11 |i snk2013/27318 |l 0 |o snkČSB 5021/15/2008 D1 |p 17A0858822 |r 2026-02-21 21:43:41 |t č. 1-4 |w 2026-02-21 |y PREZ | ||
| 952 | |0 0 |1 0 |4 0 |7 0 |8 0 |a SNK |b SNK |d 2013-11-11 |f 1 |i snk2013/27319 |l 0 |o snkČSB 5021/17/2012 |p 17A0858823 |r 2026-02-21 21:43:41 |t č. 1 |w 2026-02-21 |y PREZ | ||
| 952 | |0 0 |1 0 |4 0 |7 0 |8 0 |a SNK |b SNK |d 2013-11-11 |i snk2013/27320 |l 0 |o snkČSB 5021/17/2012 D1 |p 17A0858824 |r 2026-02-21 21:43:41 |t č. 1 |w 2026-02-21 |y PREZ | ||
| 952 | |0 0 |1 0 |4 0 |7 0 |a SNK |b SNK |d 2013-11-13 |i snkČSP 2108/2001 |l 0 |o snkČSB 5021/1/1994 D1 |p 17A0867380 |r 2026-02-21 21:43:46 |t č. 2, neúplné |w 2026-02-21 |y PREZ |z č. 1 chýba | ||
| 952 | |0 0 |1 0 |4 0 |7 0 |8 0 |a SNK |b SNK |d 2016-04-12 |f 1 |i snk2016/9289 |l 0 |o snkČSB 5021/16/2010 |p 17A1098757 |r 2026-02-21 22:09:20 |t č. 1 |w 2026-02-21 |y PREZ | ||
| 952 | |0 0 |1 0 |4 0 |7 0 |8 0 |a SNK |b SNK |d 2016-04-12 |i snk2016/9299 |l 0 |o snkČSB 5021/16/2010 D1 |p 17A1098758 |r 2026-02-21 22:09:20 |t č. 1 |w 2026-02-21 |y PREZ | ||
| 952 | |0 0 |1 0 |4 0 |7 0 |8 0 |a SNK |b SNK |d 2016-04-12 |f 1 |i snk2016/9325 |l 0 |o snkČSB 5021/18/2013 |p 17A1098759 |r 2026-02-21 22:09:20 |t č. 1 |w 2026-02-21 |y PREZ | ||
| 952 | |0 0 |1 0 |4 0 |7 0 |8 0 |a SNK |b SNK |d 2016-04-12 |i snk2016/9331 |l 0 |o snkČSB 5021/18/2013 D1 |p 17A1098760 |r 2026-02-21 22:09:20 |t č. 1 |w 2026-02-21 |y PREZ | ||
| 952 | |0 0 |1 0 |4 0 |7 0 |8 0 |a SNK |b SNK |d 2016-04-12 |f 1 |i snk2016/9340 |l 0 |o snkČSB 5021/19/2014 |p 17A1098761 |r 2026-02-21 22:09:20 |t č. 1 |w 2026-02-21 |y PREZ | ||
| 952 | |0 0 |1 0 |4 0 |7 0 |8 0 |a SNK |b SNK |d 2016-04-12 |i snk2016/9341 |l 0 |o snkČSB 5021/19/2014 D1 |p 17A1098762 |r 2026-02-21 22:09:20 |t č. 1 |w 2026-02-21 |y PREZ | ||
| 952 | |0 0 |1 0 |4 0 |7 0 |8 0 |a SNK |b SNK |d 2016-04-12 |f 1 |i snk2016/9342 |l 0 |o snkČSB 5021/20/2015 |p 17A1098763 |r 2026-02-21 22:09:20 |t č. 1 |w 2026-02-21 |y PREZ | ||
| 952 | |0 0 |1 0 |4 0 |7 0 |8 0 |a SNK |b SNK |d 2019-08-20 |i snk2019/21181 |l 0 |o snkČSB 5021/20/2015 D1 |p 17A1369917 |r 2026-02-21 22:29:06 |t č. 1 |w 2026-02-21 |y PREZ | ||
| 952 | |0 0 |1 0 |4 0 |7 0 |8 0 |a SNK |b SNK |d 2019-08-20 |f 1 |i snk2019/21184 |l 0 |o snkČSB 5021/21/2016 |p 17A1369916 |r 2026-02-21 22:29:06 |t č. 1-2 |w 2026-02-21 |y PREZ | ||
| 952 | |0 0 |1 0 |4 0 |7 0 |8 0 |a SNK |b SNK |d 2019-08-20 |i snk2019/21187 |l 0 |o snkČSB 5021/21/2016 D1 |p 17A1369915 |r 2026-02-21 22:29:09 |t č. 1-2 |w 2026-02-21 |y PREZ | ||
| 952 | |0 0 |1 0 |4 0 |7 0 |8 0 |a SNK |b SNK |d 2019-08-20 |f 1 |i snk2019/21188 |l 0 |o snkČSB 5021/22/2017 |p 17A1369914 |r 2026-02-21 22:29:09 |t č. 1-2 |w 2026-02-21 |y PREZ | ||
| 952 | |0 0 |1 0 |4 0 |7 0 |8 0 |a SNK |b SNK |d 2019-08-20 |i snk2019/21190 |l 0 |o snkČSB 5021/22/2017 D1 |p 17A1369913 |r 2026-02-21 22:29:09 |t č. 1-2 |w 2026-02-21 |y PREZ | ||
| 952 | |0 0 |1 0 |4 0 |7 0 |8 0 |a SNK |b SNK |d 2019-08-20 |f 1 |i snk2019/21192 |l 0 |o snkČSB 5021/23/2018 |p 17A1369912 |r 2026-02-21 22:29:09 |t č. 1-2 |w 2026-02-21 |y PREZ | ||
| 952 | |0 0 |1 0 |4 0 |7 0 |8 0 |a SNK |b SNK |d 2019-08-20 |i snk2019/21195 |l 0 |o snkČSB 5021/23/2018 D1 |p 17A1369911 |r 2026-02-21 22:29:10 |t č. 1-2 |w 2026-02-21 |y PREZ | ||


